000 01015nam a2200301 i 4500
003 DO-SdBNP
005 20250122110129.0
007 ta
008 241008b2020 xxu||||| |||| 00| 0 spa d
020 _a9781794891616
040 _aDO-SdBNP
_bspa
_cBNPHU
_erda
082 4 _aRD863.44
_bC794n, 2020
_222
100 1 _aCordero, Margarita
_eautor
_4aut.
_939
245 1 0 _aNosotras, las de entonces :
_b(novela) /
_cMargarita Cordero.
250 _aPrimera edición
264 4 _aSanto Domingo :
_bMediaisla Editores, LTD,
_c©2020.
300 _a122 páginas ;
_c23 cm.
336 _atexto
_btxt
_2rdacontent
337 _asin mediación
_bn
_2rdamedia
338 _avolumen
_bnc
_2rdacarrier
490 0 _aColección Las edades de Alicia ;
_vNo. 7
500 _aIncluye datos biográficos de la autora p. 2
590 _aInventariado, 2024/BT
650 7 _aNovela dominicana
_2LEMB
_9223
650 7 _aLiteratura dominicana
_2LEMB
910 _aBtavárez/Validado. Control de calidad MFF
942 _2ddc
_cLBS1
999 _c57779
_d57779